| 000 | 00676nam a2200193Ia 4500 | ||
|---|---|---|---|
| 003 | GCL | ||
| 008 | 140319s9999 xx 000 0 ara d | ||
| 020 | _a8298291977 | ||
| 040 |
_aGCL / _cGCL |
||
| 082 | 0 | 4 |
_a921.1 _bس ع |
| 100 | 1 | _aسعيد اللاوندى | |
| 245 | 1 | 0 |
_aعبدالرحمن بدوى - فيلسوف الوجودية الهارب الى الاسلام / _cسعيد اللاوندى |
| 250 | _aالاولى | ||
| 260 |
_aالقاهرة : _bمركز الحضارة العربية للاعلام والنشر ، _c2001 |
||
| 300 |
_a175 ص ؛ _c22 سم |
||
| 650 | 0 | 4 | _aعبدالرحمن بدوى |
| 650 | 0 | 4 | _aالرجال - تراجم |
| 942 |
_2ddc _cBK |
||
| 999 |
_c5335 _d5335 |
||